| 000 | 00469nam a2200157Ia 4500 | ||
|---|---|---|---|
| 008 | 210719s2005 xx 000 0 und d | ||
| 041 | _aeng | ||
| 082 | _a658.8 SHEM | ||
| 100 | _aSHETTY (Vikhyat) | ||
| 245 | _aMarketing management and consumer attitude towards campco chocolates Ltd. | ||
| 260 |
_aMangalore _bDepartment of Business Management St Aloysius College _c2005 |
||
| 300 |
_a88 _bHB |
||
| 365 | _cRs | ||
| 650 | _aProject Reports | ||
| 906 | _aBBM Project | ||
| 999 |
_c214268 _d214268 |
||